| 000 | 01013nam a2200277 u 4500 | ||
|---|---|---|---|
| 001 | 000003219 | ||
| 003 | DO-SdBNP | ||
| 005 | 20250410092612.0 | ||
| 008 | 090707s2001 dr r 000 0 spa d | ||
| 020 | _a999342515X | ||
| 020 | _a9789993425151 | ||
| 040 |
_aDO-SdBNP _bspa _cBNPHU |
||
| 082 |
_a342.729303 _bF438d |
||
| 100 | 1 |
_aFiallo Billini, José Antinoe _d1944- _910159 |
|
| 245 | 1 | 0 |
_aDemocracia, participación popular y reforma constitucional / _cJosé Antinoe Fiallo Billini. |
| 260 |
_aSanto Domingo : _bINTEC, _c2001. |
||
| 300 |
_a300 p. ; _c23 cm. |
||
| 500 | _aIncluye bibliografía al final de los capítulos | ||
| 504 | _aIncluye referencias bibliográficas y notas al pie de las páginas. | ||
| 590 | _aInventariado, 2018/ YL | ||
| 650 | 4 |
_aDemocracia _zRepública Dominicana _96412 |
|
| 650 | 4 |
_aReformas constitucionales _zRepública Dominicana _98313 |
|
| 650 | 4 |
_aParticipación social _zRepública Dominicana _910160 |
|
| 910 | _aValidado. Control de calidad MFF | ||
| 942 |
_2ddc _cLBS1 |
||
| 999 |
_c3050 _d3050 |
||